| 000 | 00438nam a22001817a 4500 | ||
|---|---|---|---|
| 003 | OSt | ||
| 005 | 20211103153126.0 | ||
| 008 | 211103b |||||||| |||| 00| 0 eng d | ||
| 020 | _a0072365749 | ||
| 040 | _cHU | ||
| 082 | _a305.8,07305 | ||
| 100 |
_aA.N.N.U.A.L E.DE.I.O.N.S _916802 |
||
| 245 | _aRACEAND ETHNICC 00/01 RELATIONS | ||
| 250 | _a10TH | ||
| 260 |
_aAMERICA _bDUSHKINONLNE _c2000 |
||
| 300 | _a229 | ||
| 942 |
_2ddc _cBOOKS _n0 |
||
| 999 |
_c16544 _d16544 |
||